Серенада Мефистофеля (Запись № 13283704)

Подробности
000 -МАРКЕР
контрольное поле 01895njm0a2200385 4500
001 - ИДЕНТИФИКАТОР ЗАПИСИ
контрольное поле RU\NLR\ONIZ\224235
005 - ИДЕНТИФИКАТОР ВЕРСИИ
контрольное поле 20260405142301.0
035 ## - ДРУГИЕ СИСТЕМНЫЕ НОМЕРА
Идентификатор записи (NLR Aleph) 011903310
035 ## - ДРУГИЕ СИСТЕМНЫЕ НОМЕРА
Идентификатор записи RU\NLR\ONIZ\GALA\5000033486\20181005155854
071 00 - ИЗДАТЕЛЬСКИЙ НОМЕР
Номер, присвоенный агентством 8287, 8288
100 ## - ДАННЫЕ ОБЩЕЙ ОБРАБОТКИ
Данные общей обработки 20181005f19001999|||y0rusy50 ca
102 ## - СТРАНА ПУБЛИКАЦИИ ИЛИ ПРОИЗВОДСТВА
Страна публикации российская федерация
126 ## - ПОЛЕ КОДИРОВАННЫХ ДАННЫХ: ЗВУКОЗАПИСИ - ФИЗИЧЕСКИЕ ХАРАКТЕРИСТИКИ
Кодированные данные звукозаписи (общие) aduxdxu ux
Кодированные данные звукозаписи (уточнения) xxx
127 ## - ПОЛЕ КОДИРОВАННЫХ ДАННЫХ: ПРОДОЛЖИТЕЛЬНОСТЬ ЗВУКОЗАПИСЕЙ И НОТНЫХ ИЗДАНИЙ (МУЗЫКАЛЬНОЕ ИСПОЛНЕНИЕ)
Продолжительность 000015
135 ## - ПОЛЕ КОДИРОВАННЫХ ДАННЫХ: ЭЛЕКТРОННЫЕ РЕСУРСЫ
Кодированные данные для электронного ресурса honoannnanndn
200 1# - ЗАГЛАВИЕ И СВЕДЕНИЯ ОБ ОТВЕТСТВЕННОСТИ
Основное заглавие Серенада Мефистофеля
Общее обозначение материала Звукозапись
Сведения, относящиеся к заглавию из оперы "Фаустъ"
Первые сведения об ответственности Ш. Гуно
-- исполн.: Л. М. Сибиряков. [бас], рт. ИМП. театров
210 ## - ПУБЛИКАЦИЯ, РАСПРОСТРАНЕНИЕ И ДР.
Место издания, распространения и т.д. С. Петербург
Имя издателя, распространителя и т. д. Русское акц.об-во граммофонов
Дата издания, распространения и т.д. [19--]
215 ## - ФИЗИЧЕСКАЯ ХАРАКТЕРИСТИКА
Специфическое обозначение материала и объем 1 грп. (15 мин): 78 об/ мин, моно; 25 см, в конв.
423 #0 - ИЗДАЕТСЯ В ОДНОЙ ОБЛОЖКЕ ВМЕСТЕ С ...
Встроенное поле 2001#$aЗаклинание цветовъ$eиз оперы "Фауст"$fШ. Гуно$gисполн.: Л. М. Сибиряков, [бас], арт. Имп. театров
-- 686##$aЩ943.3-071(4Фр)$vLBC/SL$2rubbk
Заглавие Заклинание цветовъ
606 1# - НАИМЕНОВАНИЕ ТЕМЫ КАК ПРЕДМЕТ
Наименование темы Оперные артисты начала 20 века
Тематический подзаголовок Звукозапись
Географический подзаголовок Россия
Хронологический подзаголовок 20 в.
Код системы nlr_sh
686 ## - ИНДЕКСЫ ДРУГИХ КЛАССИФИКАЦИЙ
Индекс Щ943.3-071я44(4Фр)
Издание LBC/SL
Код системы
700 #1 - ИМЯ ЛИЦА - ПЕРВИЧНАЯ ОТВЕТСТВЕННОСТЬ
Код отношения Композитор
Материалы, к которым относится поле rus
Графика поля Кириллица
Начальный элемент ввода Гуно
Часть имени, кроме начального элемента ввода Ш.
Даты 1818-1893
Расширение инициалов личного имени Шарль
Идентификатор авторитетной/нормативной записи RU\NLR\AUTH\7758244
Системный номер авторитетной/нормативной записи 41176
702 #1 - ИМЯ ЛИЦА - ВТОРИЧНАЯ ОТВЕТСТВЕННОСТЬ
Код отношения Исполнитель
--
Графика поля Кириллица
Материалы, к которым относится поле rus
Начальный элемент ввода Сибиряков
Часть имени, кроме начального элемента ввода Л. М.
Даты 1870-1938
Расширение инициалов личного имени Лев Михайлович
Системный номер авторитетной/нормативной записи 239988
Идентификатор авторитетной/нормативной записи RU\NLR\AUTH\770240044
790 #1 - ИМЯ ЛИЦА - АЛЬТЕРНАТИВНАЯ ФОРМА
Системный номер авторитетной/нормативной записи z01700
Начальный элемент ввода Gounod
Часть имени, кроме начального элемента ввода Ch. F.
Даты 1818-1893
Расширение инициалов личного имени Charles François
Код отношения Композитор
Графика поля Латинская
790 #1 - ИМЯ ЛИЦА - АЛЬТЕРНАТИВНАЯ ФОРМА
Системный номер авторитетной/нормативной записи z02702
Начальный элемент ввода Sibirjakov
Часть имени, кроме начального элемента ввода L.
Даты 1870-1938
Расширение инициалов личного имени Lev
Код отношения Исполнитель
--
Графика поля Латинская
801 #0 - ИСТОЧНИК ЗАПИСИ
Страна российская федерация
Организация NLR
Дата составления 20181005
Правила каталогизации PSBO
801 #1 - ИСТОЧНИК ЗАПИСИ
Страна российская федерация
Организация NLR
Дата составления 20181005
Источник данных rusmarc
801 #2 - ИСТОЧНИК ЗАПИСИ
Страна российская федерация
Организация NLR
Дата составления 20181008
852 ## - МЕСТОНАХОЖДЕНИЕ И ШИФР ХРАНЕНИЯ
Идентификатор организации NLR
Наименование фонда или коллекции (Sub-Location Identifier) Мг
Шифр хранения (Call Number) 2к/1567
Страна
Номер экземпляра 1
942 ## - ДОПОЛНИТЕЛЬНЫЕ ЭЛЕМЕНТЫ ЗАПИСИ (АБИС)
Тип экземпляра АБИС Звукозапись
980 ## - КОЛЛЕКЦИЯ
Название коллекции Национальная библиография
980 ## - КОЛЛЕКЦИЯ
Название коллекции Отдел нот и звукозаписей
Экземпляры
Тип экземпляра Дата поступления Библиотека постоянного хранения Библиотека текущего хранения Место хранения Шифр хранения Статус не для выдачи
Звукозапись 05.10.2018 РНБ (Московский) РНБ (Московский) Фонд нот и звукозаписей 2к/1567 2к/1567